000 01577cam a22003017a 4500
001 18015653
005 20160906134302.0
008 140122t2014 flua frb 001 0 eng d
020 _a9781466551497
040 _aDLC
_beng
_cDLC
_dDLC
_dEG-ScBUE
082 0 4 _a665.5389
_222
_bSPE
100 1 _aSpeight, James G.
_94382
245 1 0 _aRefining used lubricating oils /
_cJames G. Speight, Douglas I. Exall.
260 _aBoca Raton :
_bCRC Press / Taylor & Francis Group,
_cc.2014.
300 _axv, 449 p. :
_bill. ;
_c24 cm.
490 0 _aChemical industries.
500 _aIndex : p. 443-449.
504 _aIncludes bibliographical references.
520 _a"Used lubricating oil is a valuable resource. This book examines recycling processes for a wide range of products with different properties and different criteria. It also compares the various recycling methods and resulting products to conventional products obtained from original refining processes. The reviews, data, and comparisons provided by the authors allow readers to identify which processes are likely to produce a product with specific properties, and enables them to combine this with an analysis of the economic data to identify attractive oil recycling propositions"--
650 7 _aPetroleum waste
_xRecycling.
_2BUEsh
_941032
650 7 _aMineral oils
_xRefining.
_2BUEsh
_941033
650 7 _aLubricating oils
_xRecycling.
_2BUEsh
_941034
650 0 _aPetroleum waste
_xManagement.
_2BUEsh
651 _2BUEsh
653 _bENGPET
_cSeptember2016
700 1 _aExall, Douglas I.
942 _2ddc
999 _c22311
_d22283